00335nam a2200133Ia 4500008004100000020001500041041001200056082001600068100002000084245004800104260002500152300000800177650001600185221030s9999 xx 000 0 und d a0070472688 aEnglish a105.23bSin aA. S. Tanenbaum 0aModern Operating Systemcby A. S. Tanenbaum bTMHaNew Delhic2003 a522 aBE Computer